Geography Quiz

Random Geography or State Quiz
Score 0/50 Timer 10:00
0 Plays Today
Order Joined Name of State % Correct
FirstDelaware
97.7%
Second Pennsylvania
92.4%
ThirdNew Jersey
90.3%
FourthGeorgia
88%
FifthConnecticut
86.5%
SixthMassachusetts
85.4%
SeventhMaryland
83.8%
EighthSouth Carolina
82%
TenthVirginia
81.2%
EleventhNew York
81.1%
NinthNew Hampshire
80.2%
ThirteenthRhode Island
80.1%
TwelfthNorth Carolina
79.4%
FourteenthVermont
77.5%
FifteenthKentucky
75.9%
SeventeenthOhio
75.3%
SixteenthTennessee
75.1%
NineteenthIndiana
72.4%
EighteenthLouisiana
71.8%
FiftiethHawaii
71.4%
Forty NinthAlaska
71%
Twenty FirstIllinois
70.9%
TwentiethMississippi
70.6%
Twenty ThirdMaine
70.5%
Twenty FourthMissouri
70.5%
Order Joined Name of State % Correct
Twenty SecondAlabama
70.1%
Twenty EighthTexas
69.4%
Thirty FirstCalifornia
67.6%
Forty EigthArizona
67.6%
Twenty FifthArkansas
67.2%
Twenty SixthMichigan
67.2%
Twenty SeventhFlorida
67.2%
Twenty NinthIowa
65.7%
Forty SeventhNew Mexico
65.7%
Thirty Third Oregon
64.1%
ThirtiethWisconsin
63.6%
Thirty FourthKansas
63.6%
Thirty FifthWest Virginia
63.2%
Thirty SecondMinnesota
63%
Thirty EighthColorado
62.6%
Thirty NinthNorth Dakota
62.4%
FortiethSouth Dakota
62.2%
Forty ThirdIdaho
61.7%
Forty FifthUtah
61.5%
Thirty SixthNevada
61.3%
Forty First Montana
60.8%
Forty SixthOklahoma
60.8%
Thirty SeventhNebraska
60.4%
Forty SecondWashington
60.4%
Forty FourthWyoming
59.6%

You're not logged in!

Compare scores with friends on all Sporcle quizzes.
OR
Log In

Sporcle TV

Today on Sporcle TV


Watch our educational content, quiz creation guides, and fun videos on Sporcle TV.

Show Comments

Extras

Top Quizzes Today


Score Distribution

Paid Content

Your Account Isn't Verified!

In order to create a playlist on Sporcle, you need to verify the email address you used during registration. Go to your Sporcle Settings to finish the process.

Report this User

Report this user for behavior that violates our Community Guidelines.

Details: